[Event "Avoine op 24th"]
[Site "Avoine"]
[Date "2009.07.20"]
[Round "3"]
[White "Rodon, Gurvan"]
[Black "Mevel, Alberic"]
[Result "0-1"]
[WhiteElo "1983"]
[BlackElo "2250"]
[PlyCount "76"]
[EventDate "2009.07.18"]
[EventType "swiss"]
[EventRounds "9"]
[EventCountry "FRA"]
[SourceTitle "CBM 131 Extra"]
[Source "ChessBase"]
[SourceDate "2009.09.03"]
[SourceVersion "2"]
[SourceVersionDate "2009.09.16"]
[SourceQuality "1"]

1. d4 Nf6 2. c4 c5 3. Nf3 cxd4 4. Nxd4 e5 5. Nc2 d5 6. cxd5 Qxd5 7. Qxd5 Nxd5 8. e4 Nb4 9. Nxb4 Bxb4+ 10. Bd2 Nc6 11. Nc3 Be6 12. Bb5 0-0-0 13. Bxc6 bxc6 14. 0-0-0 f6 15. Be3 Kb7 16. a3 Bxc3 17. bxc3 Bb3 18. Rd2 a5 19. Rb2 a4 20. Rd2 Ka6 21. Re1 Rxd2 22. Bxd2 Rd8 23. Re3 Kb5 24. Rh3 h6 25. Rg3 Rd7 26. Re3 Kc4 27. Re2 Rd8 28. f3 Rd7 29. g3 Kb5 30. Kb2 Bd1 31. Rf2 Bxf3 32. Bxh6 Bxe4 33. Bd2 Kc4 34. Ka2 Bf3 35. Kb2 Rb7+ 36. Ka2 Bd5 37. h4 Kd3+ 38. Ka1 e4 0-1

[Event "Avoine op 24th"]
[Site "Avoine"]
[Date "2009.07.18"]
[Round "1"]
[White "Rodon, Gurvan"]
[Black "Duhayon, Yves"]
[Result "0-1"]
[WhiteElo "1983"]
[BlackElo "2256"]
[PlyCount "78"]
[EventDate "2009.07.18"]
[EventType "swiss"]
[EventRounds "9"]
[EventCountry "FRA"]
[SourceTitle "CBM 131 Extra"]
[Source "ChessBase"]
[SourceDate "2009.09.03"]
[SourceVersion "2"]
[SourceVersionDate "2009.09.16"]
[SourceQuality "1"]

1. d4 d5 2. c4 e6 3. Nc3 Bb4 4. Nf3 Nf6 5. cxd5 exd5 6. Bg5 Nbd7 7. Rc1 c6 8. a3 Be7 9. e3 Ne4 10. Bxe7 Qxe7 11. Bd3 0-0 12. 0-0 Nb6 13. Qc2 Bf5 14. Ne5 f6 15. Nf3 g5 16. Bxe4 dxe4 17. Nd2 Bg6 18. Ncxe4 Rae8 19. Qb3+ Kh8 20. Nc5 h5 21. e4 Qh7 22. a4 Re7 23. a5 Nc8 24. f3 Rd8 25. Qc3 Qg7 26. Rfd1 Nd6 27. Nc4 g4 28. Nxd6 Rxd6 29. Kh1 b6 30. axb6 axb6 31. Nb3 gxf3 32. gxf3 Rxe4 33. Re1 Rxe1+ 34. Rxe1 Bf7 35. Qb4 c5 36. dxc5 Rd3 37. Nd4 Bd5 38. Rf1 Qg4 39. Qxb6 Qxd4 0-1

[Event "Avoine op 22nd"]
[Site "Avoine"]
[Date "2007.07.24"]
[Round "4"]
[White "Rodon, Gurvan"]
[Black "Masset, Jacques"]
[Result "1-0"]
[WhiteElo "1964"]
[BlackElo "1590"]
[PlyCount "47"]
[EventDate "2007.07.21"]
[EventType "swiss"]
[EventRounds "9"]
[EventCountry "FRA"]
[SourceTitle "EXT 2010"]
[Source "ChessBase"]
[SourceDate "2010.11.25"]
[SourceVersion "1"]
[SourceVersionDate "2010.11.25"]
[SourceQuality "1"]

1. d4 d5 2. c4 e6 3. Nc3 Nf6 4. cxd5 exd5 5. Bg5 Be7 6. e3 h6 7. Bh4 Nbd7 8. Bd3 c6 9. Qc2 b6 10. Nf3 Bb7 11. 0-0 Rc8 12. Bf5 c5 13. Ne5 Nxe5 14. Bxc8 Qxc8 15. dxe5 Nd7 16. Bxe7 Kxe7 17. Rad1 Qa8 18. f4 h5 19. Qd2 Ke6 20. Nxd5 Bxd5 21. e4 Nf6 22. exf6 Bxe4 23. Qd6+ Kf5 24. Qe5+ 1-0

[Event "Avoine op 22nd"]
[Site "Avoine"]
[Date "2007.07.23"]
[Round "3"]
[White "Hortas, Igor"]
[Black "Rodon, Gurvan"]
[Result "1-0"]
[WhiteElo "2099"]
[BlackElo "1964"]
[PlyCount "87"]
[EventDate "2007.07.21"]
[EventType "swiss"]
[EventRounds "9"]
[EventCountry "FRA"]
[SourceTitle "EXT 2010"]
[Source "ChessBase"]
[SourceDate "2010.11.25"]
[SourceVersion "1"]
[SourceVersionDate "2010.11.25"]
[SourceQuality "1"]

1. d4 d5 2. Bf4 Nf6 3. Nf3 g6 4. c3 Bg7 5. Nbd2 0-0 6. Ne5 Nbd7 7. Ndf3 Nxe5 8. Bxe5 b6 9. e3 Bb7 10. Bd3 c5 11. Nd2 cxd4 12. exd4 Ne4 13. Bxg7 Kxg7 14. f3 Nd6 15. Qe2 Qd7 16. h4 h5 17. g4 Rh8 18. 0-0-0 Rac8 19. Kb1 Nc4 20. Nf1 Qc7 21. Rg1 e6 22. Qc2 hxg4 23. Rxg4 f5 24. Rg2 Rxh4 25. Qe2 Qd6 26. Re1 Kf7 27. Nh2 Na5 28. f4 Rxf4 29. Nf3 Rxf3 30. Qxf3 Rh8 31. Qe3 Nc6 32. Rgg1 Bc8 33. Rh1 Qf8 34. Bb5 Ne7 35. Qe5 Rxh1 36. Rxh1 Qg7 37. Qc7 a6 38. Be2 b5 39. a3 g5 40. Bh5+ Kg8 41. Qd8+ Qf8 42. Bf7+ Kxf7 43. Rh7+ Kg8 44. Rh8+ 1-0

[Event "Agneaux St Lo op 02nd"]
[Site "Agneaux"]
[Date "1998.??.??"]
[Round "?"]
[White "Rodon, Gurvan"]
[Black "Alexieva, Silvia"]
[Result "0-1"]
[WhiteElo "1970"]
[BlackElo "2345"]
[PlyCount "74"]
[EventDate "1998.02.??"]
[EventType "swiss"]
[EventRounds "7"]
[EventCountry "FRA"]
[SourceTitle "EXT 2003"]
[Source "ChessBase"]
[SourceDate "2002.11.25"]
[SourceVersion "1"]
[SourceVersionDate "2002.11.25"]
[SourceQuality "1"]

1. e4 c5 2. Nf3 e6 3. d4 cxd4 4. Nxd4 Nf6 5. Nc3 d6 6. Be2 Be7 7. 0-0 a6 8. Be3 0-0 9. f4 Nc6 10. Qe1 Bd7 11. Qg3 Nxd4 12. Bxd4 Bc6 13. Bd3 b5 14. a3 Qb8 15. Rae1 b4 16. Nd1 g6 17. Kh1 Nh5 18. Qe3 a5 19. Nf2 e5 20. fxe5 dxe5 21. Bc5 Qc7 22. Ng4 f6 23. axb4 axb4 24. Bc4+ Kh8 25. Bxe7 Qxe7 26. Bd5 Rac8 27. Qb3 Nf4 28. Ne3 Qc5 29. Rf2 Kg7 30. Rd2 Rfd8 31. Red1 Nxd5 32. Nxd5 Bxd5 33. exd5 Rd6 34. h3 f5 35. Qa2 Kf6 36. Qb3 Qc4 37. Qg3 Qf4 0-1